书目信息 |
| 题名: |
中国文化地理概述
|
|
| 作者: | 胡兆量 编著 | |
| 分册: | ||
| 出版信息: | 北京 北京大学出版社 2017.07 |
|
| 页数: | 16,341页 | |
| 开本: | 24cm | |
| 丛书名: | ||
| 单 册: | ||
| 中图分类: | G07 | |
| 科图分类: | ||
| 主题词: | 文化地理学--概论--中国 | |
| 电子资源: | ||
| ISBN: | 978-7-301-27008-0 | |
| 000 | 00957nam0 2200265 450 | |
| 001 | 0120172278057 | |
| 005 | 20180917161555.31 | |
| 010 | @a978-7-301-27008-0@dCNY49.00 | |
| 100 | @a20171011d2017 em y0chiy50 ea | |
| 101 | 0 | @achi |
| 102 | @aCN@b110000 | |
| 105 | @aak z 000yy | |
| 106 | @ar | |
| 200 | 1 | @a中国文化地理概述@9zhong guo wen hua di li gai shu@f胡兆量等编著 |
| 205 | @a4版 | |
| 210 | @a北京@c北京大学出版社@d2017.07 | |
| 215 | @a16,341页@c图@d24cm | |
| 304 | @a编著还有:韩茂莉,阿尔斯朗,琼达等 | |
| 330 | @a本版修编的重点是加强建筑文化地理和园林文化地理两章。这两章涉及的内容是当前中国文化地理学科的生长点。全书共分十九章。分别讲述了文化的结构和价值、中华文化述要、中华文化区域差异的背景、语言、文学和艺术的区域差异等。 | |
| 333 | @a文化地理学研究人员 | |
| 606 | 0 | @a文化地理学@x概论@y中国 |
| 690 | @aG07@v5 | |
| 701 | 0 | @a胡兆量@9hu zhao liang@4编著 |
| 801 | 0 | @aCN@b人天书店@c20171011 |
| 905 | @b1093133-37@dG07@e118=4@f5 | |
| 中国文化地理概述/胡兆量等编著.-4版.-北京:北京大学出版社,2017.07 |
| 16,341页:图;24cm |
| 使用对象:文化地理学研究人员 |
| ISBN 978-7-301-27008-0:CNY49.00 |
| 本版修编的重点是加强建筑文化地理和园林文化地理两章。这两章涉及的内容是当前中国文化地理学科的生长点。全书共分十九章。分别讲述了文化的结构和价值、中华文化述要、中华文化区域差异的背景、语言、文学和艺术的区域差异等。 |
| ● |
| 相关链接 |
|
|
|
|
正题名:中国文化地理概述
索取号:G07/118=4
 
预约/预借
| 序号 | 登录号 | 条形码 | 馆藏地/架位号 | 状态 | 备注 |
| 1 | 1093133 | 210931330 | 第一样本阅览室/ [索取号:G07/118=4] | 在馆 | |
| 2 | 1093134 | 210931349 | 教育系资料室/ [索取号:G07/118=4] | 在馆 | |
| 3 | 1093135 | 210931358 | 教育系资料室/ [索取号:G07/118=4] | 在馆 | |
| 4 | 1093136 | 210931367 | 第四借阅区/ [索取号:G07/118=4] | 在馆 | |
| 5 | 1093137 | 210931376 | 第四借阅区/ [索取号:G07/118=4] | 在馆 |